Loading...

Changing Paradigms: The Role of Translation in the Colonialand the Postcolonial Period

Bibliographic Details
Main Author: PRATIBHA KUMARI
Format: Journal Article
Published: Translation Today 2017
Online Access:http://10.26.1.76/ks/008067.pdf
LEADER 00443nam a2200121 4500
999 |c 183061  |d 183057 
100 |a PRATIBHA KUMARI  |9 157004 
245 |a Changing Paradigms: The Role of Translation in the Colonialand the Postcolonial Period 
260 |b Translation Today  |c 2017 
300 |a p.157-170  |b Volume 11, Issue 2 
856 |u http://10.26.1.76/ks/008067.pdf 
942 |c JA 
952 |0 0  |1 0  |4 0  |7 0  |9 181771  |a MGUL  |b MGUL  |d 2019-06-04  |l 0  |r 2019-06-04  |w 2019-06-04  |y JA